[Event "Idaho Closed"]
[Site "Boise, ID"]
[Date "2010.02.14"]
[Round "4.13"]
[White "Baggett, Jeff M"]
[Black "Ye, Michael"]
[Result "1/2-1/2"]
[WhiteElo "1801"]
[BlackElo "1174"]

1. e4 c5 2. Bc4 d6 3. c3 Nf6 4. d3 Nc6 5. Bb3 Bd7 6. Ne2 g6 7. O-O Bg7 8. Ng3
O-O 9. f4 Rc8 10. f5 Kh8 11. fxg6 fxg6 12. h3 Qb6 13. Kh1 e6 14. Nd2 Qc7 15.
Qe1 Rce8 16. Nf3 a6 17. Bf4 e5 18. Be3 b6 19. Ng5 Bc8 20. Ne2 h6 21. Qh4 Nh5
22. Rxf8+ Rxf8 23. Ne6 Bxe6 24. Bxe6 Qd8 25. Qe1 Qe8 26. Bg4 Nf6 27. Bf3 Nd8
28. Qd2 Kh7 29. Qc2 Qc6 30. Bg1 h5 31. a3 Bh6 32. Rd1 Nf7 33. g3 Qc8 34. Kh2
Ng5 35. Bg2 Ne8 36. Rf1 Rxf1 37. Bxf1 Nf3+ 38. Kh1 Nxg1 39. Nxg1 Qe6 40. Nf3
Nc7 41. d4 Kh8 42. Kg2 Bg7 43. b3 Qe7 44. Nh4 Kh7 45. dxc5 dxc5 46. b4 Qd6 47.
Nf3 Bh6 48. Qb3 b5 49. Qf7+ Bg7 50. c4 cxb4 51. axb4 Na8 52. c5 Qd8 53. h4 Nc7
54. Kh2 Kh6 55. Qb3 Qf6 56. Bg2 Qe7 57. Ng5 Bf6 58. Nf3 Kg7 59. Bh3 Qe8 60.
Qc3 Kh8 61. c6 Qe7 62. Bd7 Kg7 63. Kh3 Kf8 64. Qe3 Kg7 65. Qa7 Qd6 66. g4 Qd3
67. Kg3 hxg4 68. Kxg4 Qxe4+ 69. Kg3 Qf4+ 70. Kg2 e4 71. Ng5 Bxg5 72. hxg5 Qf3+
73. Kg1 Qg3+ 74. Kh1 Qf3+ 75. Kh2 Qf4+ 76. Kh3 Qf3+ 77. Kh4 Qf4+ 78. Bg4 Qh2+
{#d} 1/2-1/2

[Event "Idaho Closed"]
[Site "Boise, ID"]
[Date "2010.02.15"]
[Round "5.1"]
[White "Parsons, Larry R"]
[Black "Evers, Jason"]
[Result "1/2-1/2"]
[WhiteElo "2000"]
[BlackElo "1887"]

1. c4 g5 2. d4 h6 3. e4 c5 4. Be3 Bg7 5. Nc3 Nc6 6. dxc5 Qa5 7. Qd2 Bxc3 8.
bxc3 Nf6 9. f3 b6 10. cxb6 axb6 11. Ne2 Ba6 12. Nd4 Ne5 13. Nb3 Qa4 14. c5 Bc4
15. Bd4 Bxb3 16. Bxe5 bxc5 17. Be2 Qc6 18. Kf2 Ba4 19. Bc4 Rg8 20. g4 Rd8 21.
h4 d5 22. Rad1 Bxd1 23. Rxd1 d4 24. hxg5 hxg5 25. Qb2 Kf8 26. cxd4 cxd4 27.
Rxd4 Rxd4 28. Qxd4 Nd7 29. Bg3 Qc5 30. Ke3 Qxd4+ 31. Kxd4 Rh8 32. Bc7 Rh1 33.
a4 Rd1+ 34. Kc3 Nc5 35. a5 Rc1+ 36. Kb4 Na6+ 37. Bxa6 Rxc7 38. Kb5 Ke8 39. Kb6
Kd8 40. Bb7 Rc3 41. a6 Rb3+ 42. Kc6 Ra3 43. Kb6 Rb3+ {#d} 1/2-1/2

[Event "Idaho Closed"]
[Site "Boise, ID"]
[Date "2010.02.15"]
[Round "5.3"]
[White "Abderhalden, Katherine Louise"]
[Black "Weyland, Phil"]
[Result "0-1"]
[WhiteElo "1562"]
[BlackElo "1824"]

1. d4 e6 2. c4 Nf6 3. Nc3 d5 4. Bg5 Nbd7 5. e3 c6 6. Nf3 Qa5 7. Qc2 Ne4 8. a3
Nxg5 9. Nxg5 dxc4 10. Nf3 b5 11. b4 Bxb4 12. Rc1 Qxa3 13. Be2 Qxc3+ 14. Qxc3
Bxc3+ 15. Rxc3 Nb6 16. Ne5 Bb7 17. O-O f6 18. Nf3 b4 19. Rcc1 c3 20. Rb1 a5
{#R} 0-1

[Event "Idaho Closed"]
[Site "Boise, ID"]
[Date "2010.02.15"]
[Round "5.15"]
[White "Abderhalden, Richard Robert"]
[Black "Baggett, Jeff M"]
[Result "0-1"]
[WhiteElo "1516"]
[BlackElo "1801"]

1. e4 c5 2. Nf3 e6 3. Bc4 a6 4. d3 b5 5. Bb3 Nc6 6. c3 g6 7. Be3 Qc7 8. d4 c4
9. Bc2 Bg7 10. O-O Nf6 11. h3 Bb7 12. Nbd2 O-O 13. Qe1 Rfe8 14. e5 Nd5 15. Ng5
d6 16. exd6 Qxd6 17. Nge4 Qc7 18. f4 Nxe3 19. Qxe3 Ne7 20. Nc5 Bc6 21. Rae1 a5
22. b3 cxb3 23. Ndxb3 Nd5 24. Qf2 Nxc3 25. Be4 Nxe4 26. Nxe4 Rad8 27. Qd2 a4
28. Nc1 Bxd4+ 29. Kh1 Bb7 30. Qe2 Qc6 31. Nd3 Bg7 32. Ndc5 Bc8 33. Rc1 Rd4 34.
Nd2 Qb6 35. Nf3 Rxf4 36. Nd3 Rf5 37. Rb1 Ba6 38. Rfd1 b4 39. Qe4 Bc3 40. Nxb4
Bxb4 41. Rxb4 Rb5 42. Rxa4 Bb7 43. Qd3 e5 44. Nd2 Rd8 45. Qc2 e4 46. Nxe4
Rxd1+ 47. Qxd1 Rb1 {#R} 0-1

[Event "Idaho Closed"]
[Site "Boise, ID"]
[Date "2010.02.15"]
[Round "6.2"]
[White "Evers, Jason"]
[Black "Douglas, Kurt P"]
[Result "1-0"]
[WhiteElo "1887"]
[BlackElo "1738"]

1. e4 c5 2. b4 e6 3. bxc5 Bxc5 4. d4 Bb6 5. c3 Nc6 6. Qg4 Nf6 7. Qe2 O-O 8.
Nf3 h6 9. h3 d6 10. g4 Nh7 11. Bg2 e5 12. Be3 Re8 13. O-O exd4 14. Nxd4 Ne5
15. Nd2 Bd7 16. f4 Ng6 17. Qf2 Rc8 18. Rac1 Rc7 19. g5 Bxd4 20. Bxd4 Bb5 21.
Rfe1 hxg5 22. fxg5 Nxg5 23. Bxa7 Qc8 24. h4 Nh3+ 25. Bxh3 Qxh3 26. Re3 Qxh4
27. Rg3 Bc6 28. Re1 Bxe4 29. Nf3 Qh5 30. Rg5 Qh3 31. Rg3 Qd7 32. Ng5 d5 33.
Qh2 Bf5 34. Rf1 f6 35. Qh7+ Kf8 36. Qh5 Ke7 37. Re3+ Kd8 38. Rxf5 Rxe3 39.
Bxe3 Ne5 40. Qh8+ Qe8 41. Ne6+ {#r} 1-0

[Event "Idaho Closed"]
[Site "Boise, ID"]
[Date "2010.02.15"]
[Round "6.5"]
[White "Buckendorf Jr., Glen"]
[Black "Abderhalden, Katherine Louise"]
[Result "0-1"]
[WhiteElo "1800"]
[BlackElo "1562"]

1. e4 c5 2. Nf3 Nc6 3. b3 e6 4. Bb2 Nf6 5. e5 Nd5 6. c4 Nf4 7. g3 Ng6 8. h4
Qc7 9. Qe2 h5 10. Na3 a6 11. Nc2 Be7 12. Rd1 O-O 13. d4 cxd4 14. Ncxd4 Bb4+
15. Rd2 Ncxe5 16. Bg2 Qa5 17. a4 Ng4 18. O-O Bxd2 19. Nxd2 d6 20. Ne4 Qc7 21.
Ba3 Rd8 22. Rd1 d5 23. cxd5 exd5 24. Ng5 Nf6 25. Rc1 Qd7 26. Bf3 Re8 27. Qd1
Ng4 28. Rc5 Qe7 29. Rxc8 Qxa3 30. Rxa8 Rxa8 31. Bxg4 hxg4 32. Qxg4 Qe7 33. Qh5
Rc8 34. Qh7+ Kf8 35. h5 Rc1+ 36. Kg2 Qxg5 37. hxg6 Qxg6 38. Qh8+ Ke7 39. Qh4+
f6 40. Qf4 Qe4+ 41. Qxe4+ dxe4 42. Nf5+ Ke6 43. Nxg7+ Ke5 44. Nh5 Rb1 45. f4+
exf3+ 46. Kxf3 Rxb3+ 47. Kf2 Ra3 48. Nf4 Rxa4 49. Nd3+ Kf5 50. Nc5 Ra2+ 51.
Ke3 b5 52. Nd7 Rc2 53. g4+ Kg5 54. Nb6 a5 55. Kd3 Rc4 56. Nxc4 bxc4+ 57. Kxc4
Kxg4 58. Kb5 f5 59. Kxa5 f4 60. Kb4 f3 61. Kc3 f2 62. Kd3 f1=Q+ 63. Ke4 Qf3+
64. Ke5 Qf4+ 65. Kd5 Qe3 66. Kc4 Qd2 67. Kc5 Qd3 68. Kc6 Qd4 69. Kb5 Qc3 70.
Kb6 Qc4 71. Kb7 Qc5 72. Kb8 Qc6 73. Ka7 Qb5 74. Ka8 Kf5 75. Ka7 Ke6 76. Ka8
Kd7 77. Ka7 Kc7 78. Ka8 Qb7# 0-1

[Event "Idaho Closed"]
[Site "Boise, ID"]
[Date "2010.02.15"]
[Round "6.10"]
[White "Lang, Jamie"]
[Black "Oberle Jr., Stephen"]
[Result "1-0"]
[WhiteElo "1219"]
[BlackElo "1803"]

1. e4 c5 2. Nf3 d6 3. Bb5+ Nd7 4. O-O a6 5. Be2 Ngf6 6. Nc3 g6 7. d4 cxd4 8.
Nxd4 Bg7 9. h3 Nc5 10. Bf3 Ne6 11. Be3 Nxd4 12. Bxd4 O-O 13. e5 Ne8 14. Re1
dxe5 15. Bxe5 Bxe5 {#r} 1-0

[Event "Idaho Closed"]
[Site "Boise, ID"]
[Date "2010.02.15"]
[Round "6.11"]
[White "Baggett, Jeff M"]
[Black "Min, William"]
[Result "1-0"]
[WhiteElo "1801"]
[BlackElo "1140"]

1. e4 e5 2. Bc4 Nf6 3. d3 h6 4. h3 d5 5. exd5 Nxd5 6. c3 Bc5 7. Ne2 Nb6 8. Bb3
Nc6 9. O-O O-O 10. Bc2 Bf5 11. Ng3 Bg6 12. b4 Bd6 13. Nd2 Nd5 14. Bb2 Nf6 15.
Qe2 Re8 16. Nge4 a6 17. Rad1 Nxe4 18. Nxe4 b5 19. Bb3 a5 20. a3 axb4 21. axb4
Qh4 22. Qf3 Qf4 23. Qe2 Nd4 24. cxd4 exd4 25. g3 Qe5 26. Qd2 Bxe4 27. dxe4 h5
28. Bxd4 Qxe4 29. Qg5 Qh7 30. Qxb5 h4 31. Qg5 hxg3 32. fxg3 Rf8 33. Qg4 Ra3
34. Rf3 Bxb4 35. Bxg7 Qxg7 36. Qxb4 Ra1 37. Rxa1 Qxa1+ 38. Kg2 Qb2+ 39. Rf2
Qg7 40. Qc5 Kh8 41. Qxc7 f5 42. Qf4 Rf6 43. Qh4+ Qh6 44. Qxh6+ Rxh6 45. Rxf5
Kg7 46. g4 Rf6 47. Rxf6 Kxf6 48. Kg3 Kg6 49. h4 Kh6 50. g5+ Kg6 51. Kg4 Kg7
52. Kf5 Kh7 53. g6+ Kh8 54. h5 Kg7 55. h6+ Kh8 56. g7+ {#r} 1-0

[Event "Idaho Open"]
[Site "Pocatello, ID"]
[Date "2010.05.01"]
[Round "1.1"]
[White "Owen, Gary"]
[Black "Morrow, Hans M"]
[Result "0-1"]
[WhiteElo "1599"]
[BlackElo "1942"]

1. e4 c5 2. Nf3 d6 3. d4 cxd4 4. Nxd4 Nf6 5. Nc3 a6 6. Be2 Nc6 7. Nb3 Qc7 8.
O-O e6 9. Be3 b5 10. a3 Bb7 11. f4 Be7 12. Bf3 Rd8 13. Qe1 O-O 14. Rd1 Na5 15.
Nxa5 Qxa5 16. Qf2 Nd7 17. Bd4 Qc7 18. Qg3 e5 19. fxe5 dxe5 20. Be3 Bc5 21.
Bxc5 Qxc5+ 22. Kh1 Nb6 23. Bh5 Rxd1 24. Rxd1 f6 25. Bg4 b4 26. Be6+ Kh8 27.
Na4 Qxc2 28. Bb3 Qc7 29. axb4 Nxa4 30. Bxa4 Bxe4 31. h3 Bg6 32. Qe3 Rc8 33.
Qc5 h5 34. Rc1 Qxc5 35. Rxc5 Rb8 36. b5 axb5 37. Rxb5 Rxb5 38. Bxb5 Kg8 39.
Kg1 Kf7 40. Kf2 Ke6 41. Bc4+ Kd6 42. b4 Be8 43. Ke3 f5 44. g3 g5 45. Kd3 Bc6
46. Bf7 h4 47. gxh4 gxh4 48. Bg6 f4 49. Bf5 Bd7 50. Bxd7 Kxd7 51. Kc4 f3 52.
Kd3 e4+ 53. Kd2 Kc6 {#R} 0-1

[Event "Idaho Open"]
[Site "Pocatello, ID"]
[Date "2010.05.01"]
[Round "2.6"]
[White "Finch, Douglas W"]
[Black "Buckendorf Jr., Glen"]
[Result "1-0"]
[WhiteElo "1373"]
[BlackElo "1800"]

1. d4 d5 2. Nf3 Nf6 3. c4 e6 4. Nc3 Bb4 5. e3 O-O 6. a3 Bxc3+ 7. bxc3 Nbd7 8.
Qc2 Nb6 9. cxd5 exd5 10. Bd3 Nc4 11. O-O Bg4 12. Nd2 Nd6 13. c4 dxc4 14. Nxc4
Nxc4 15. Qxc4 Rc8 16. f3 Be6 17. Qc2 b6 18. Bb2 c5 19. Qb1 cxd4 20. Bxd4 h6
21. Qb2 Ne8 22. Ba6 Rc7 23. Rfd1 Qg5 24. f4 Qe7 25. Be5 Rd7 26. Bb5 Rxd1+ 27.
Rxd1 f6 28. Bc3 Bg4 29. Qd2 Qc7 30. Rc1 Qb8 31. Bb4 Bh5 32. Bxf8 Kxf8 33. Qd7
Qa8 34. Bc6 Qb8 35. Bf3 {#r} 1-0

[Event "Idaho Open"]
[Site "Pocatello, ID"]
[Date "2010.05.01"]
[Round "3.7"]
[White "Lang, Jamie"]
[Black "Buckendorf Jr., Glen"]
[Result "1-0"]
[WhiteElo "1359"]
[BlackElo "1800"]

1. e4 c5 2. Nf3 Nc6 3. d4 cxd4 4. Nxd4 d6 5. Bb5 Bd7 6. O-O g6 7. c3 Bg7 8.
Qa4 Qc7 9. Be3 Nf6 10. Nd2 O-O 11. N4f3 a6 12. Be2 Nd4 13. Qxd4 Ng4 14. Qb6
Qb8 15. h3 Nxe3 16. Qxe3 e5 17. Nc4 b5 18. Nb6 Ra7 19. c4 Be8 20. b3 bxc4 21.
Bxc4 Rb7 22. Nd5 Kh8 23. Bxa6 Ra7 24. Bc4 f5 25. a4 fxe4 26. Qxe4 Bc6 27. Qe2
e4 28. Nd2 Bxa1 29. Rxa1 h6 30. Nxe4 Bxd5 31. Bxd5 Re7 32. Qb2+ Re5 33. Rd1
Kh7 34. f3 Qb6+ 35. Qd4 Qxd4+ 36. Rxd4 Kg7 37. Bc4 d5 38. Rxd5 Rxd5 39. Bxd5
Rd8 40. Bc4 Rd1+ 41. Kf2 Rb1 42. a5 Ra1 43. a6 Kf8 44. Nc5 Rd1 45. b4 Rd8 46.
Ne6+ Ke7 47. Nxd8 Kxd8 48. a7 Ke7 49. a8=Q g5 50. Qd5 h5 51. Qf7+ Kd6 52. Qe6+
Kc7 53. b5 Kb8 54. Qb6+ Kc8 55. Be6# 1-0

[Event "Pres. Cup-1 (Qualifier)"]
[Site "Twin Falls, ID"]
[Date "2010.07.31"]
[Round "4.3"]
[White "Buckendorf Jr., Glen"]
[Black "Douglas, Kurt P"]
[Result "1-0"]
[WhiteElo "1818"]
[BlackElo "1673"]

1. e4 c5 2. Nf3 d6 3. Bc4 e6 4. O-O Nf6 5. Nc3 Nc6 6. Re1 Be7 7. d4 cxd4 8.
Nxd4 a6 9. a4 O-O 10. Nxc6 bxc6 11. Bg5 h6 12. Bh4 Qc7 13. Qf3 Bb7 14. Rad1 d5
15. exd5 cxd5 16. Bd3 d4 17. Ne4 Nxe4 18. Bxe4 Bxh4 19. Bxb7 Ra7 20. Be4 Qb6
21. b3 Rc7 22. Qd3 Rd8 23. g3 Rc3 24. Qe2 Bg5 25. h4 Be7 26. Bd3 Bb4 27. Qe4
Rc7 28. Qh7+ Kf8 29. Re4 f5 30. Re2 Qd6 31. Bc4 Re7 32. Qg6 Kg8 33. Rxe6 Rxe6
34. Qxe6+ Kh8 35. Qxf5 Qc5 36. Qg4 Qd6 37. Rd3 Qe5 38. Rd1 d3 39. Kh2 {(White
won in x moves.)} {#r} 1-0

[Event "Pres. Cup-1 (Qualifier)"]
[Site "Twin Falls, ID"]
[Date "2010.07.31"]
[Round "5.2"]
[White "Brown, Nicholas Ross"]
[Black "Buckendorf Jr., Glen"]
[Result "1-0"]
[WhiteElo "838"]
[BlackElo "1818"]

1. Nf3 d5 2. g3 g6 3. d3 Bg7 4. Bg2 Nf6 5. O-O O-O 6. Bg5 c5 7. Nbd2 Nc6 8. e4
dxe4 9. Nxe4 Nxe4 10. dxe4 Qb6 11. Rb1 Rd8 12. Qe2 Be6 13. c4 Rd7 14. b3 Rad8
15. Rfd1 h6 16. Bf4 Nd4 17. Nxd4 Rxd4 18. Rxd4 Rxd4 19. Rd1 Qd8 20. Rxd4 Qxd4
21. Qd2 Qa1+ 22. Bf1 Kh7 23. Be3 b6 24. f4 h5 25. Kf2 Bc3 26. Qc1 Qxa2+ 27.
Be2 Bg4 28. Qd1 Qxe2+ 29. Qxe2 Bxe2 30. Kxe2 Kg7 31. Kd3 Bb4 32. h3 f6 33. g4
hxg4 34. hxg4 Be1 35. Bg1 Bg3 36. Ke3 g5 37. f5 Kf7 38. Kf3 Be5 39. Bf2 e6 40.
Ke2 exf5 41. exf5 Ke7 42. Kd3 Kd6 43. Kc2 Ba1 44. Kd3 Ke5 45. Bg3# 1-0

[Event "WRW Progressive"]
[Site "Hailey, ID"]
[Date "2010.10.09"]
[Round "1.1"]
[White "Bruck, Nick Jon"]
[Black "Manross, Sean"]
[Result "0-1"]
[WhiteElo "1041"]
[BlackElo "1809"]

1. e4 e6 2. d4 d5 3. e5 c5 4. c4 dxc4 5. Bxc4 Qxd4 6. Qxd4 cxd4 7. Nf3 Nc6 8.
O-O Bc5 9. a3 Nge7 10. b4 Bb6 11. Nbd2 O-O 12. Nb3 Ng6 13. Re1 a6 14. Bb2 Bc7
15. Nbxd4 Ncxe5 16. Nxe5 Bxe5 17. Rab1 b5 18. Bb3 Bf6 19. Nf3 Bxb2 20. Rxb2
Bb7 21. Ne5 Nxe5 22. Rxe5 Rac8 23. h3 Rfd8 24. Rc2 Rd1+ 25. Kh2 Rxc2 26. Bxc2
Rd2 27. Be4 Bxe4 28. Rxe4 Rxf2 29. Kg3 Ra2 30. Re3 Kf8 31. Kf4 Rxg2 32. Ke4
Ra2 33. Kd4 Ke7 34. Kc5 Rd2 35. Rg3 g6 36. h4 h5 37. Rg5 Kf6 38. Kb6 Rd6+ 39.
Kc5 Rd5+ 40. Rxd5 exd5 41. Kxd5 g5 42. hxg5+ Kxg5 43. Kc6 h4 44. Kb6 h3 45.
Kxa6 h2 46. Kxb5 h1=Q 47. Ka5 Qa8+ 48. Kb5 Qxa3 49. Kc5 Kg4 50. Kb5 f5 51. Kb6
Qxb4+ 52. Ka7 Qd6 53. Ka8 Qd7 54. Kb8 Kf4 {#R} 0-1

[Event "WRW Progressive"]
[Site "Hailey, ID"]
[Date "2010.10.09"]
[Round "3.1"]
[White "Baggett, Jeff M"]
[Black "Manross, Sean"]
[Result "1-0"]
[WhiteElo "1606"]
[BlackElo "1809"]

1. e4 e6 2. d4 d5 3. e5 c5 4. c3 Nc6 5. Nf3 Qb6 6. Bd3 cxd4 7. cxd4 Bb4+ 8.
Nc3 Bd7 9. Bc2 Nge7 10. O-O O-O 11. Qd3 Ng6 12. a3 Bxc3 13. bxc3 Nce7 14. a4
Rac8 15. Bg5 Rfe8 16. Nh4 h6 17. Bxe7 Nxe7 18. Qh7+ Kf8 19. Qh8+ Ng8 20. Bh7
Ke7 21. Qxg7 Bc6 22. Ng6+ Kd7 23. Bxg8 Kc7 24. Bxf7 Red8 25. Ne7 Bd7 26. Nxc8
Kxc8 27. Qxh6 Kb8 28. a5 Qc7 29. Rfc1 Qc8 30. a6 b6 31. Qd2 Rh8 32. c4 dxc4
33. d5 exd5 34. Qxd5 Bc6 35. Qd6+ Ka8 36. Rxc4 {#r} 1-0

[Event "WIO (Open)"]
[Site "Boise, ID"]
[Date "2010.12.12"]
[Round "1.2"]
[White "Stewart, David Wayne"]
[Black "Pellam, Randall W"]
[Result "0-1"]
[WhiteElo "1632"]
[BlackElo "1934"]

1. e4 e5 2. Nf3 Nc6 3. Bb5 a6 4. Ba4 Nf6 5. O-O Be7 6. Re1 b5 7. Bb3 O-O 8. c3
d5 9. exd5 Nxd5 10. Nxe5 Nxe5 11. Rxe5 c6 12. d4 Bd6 13. Re1 Qh4 14. g3 Qh3
15. Nd2 Nf4 16. Qf3 Bg4 17. Qxc6 Ne2+ 18. Rxe2 Bxe2 19. Bxf7+ Kh8 20. Qe4 Bh5
21. Bxh5 Qxh5 22. Nf1 Rae8 23. Qg2 Re1 24. Bf4 Rxa1 25. Bxd6 Re8 26. Be5 Rxa2
27. f4 Qf7 28. Qc2 a5 29. Ne3 a4 30. c4 b4 31. Qb1 b3 32. Nd5 Rc8 33. Nb6 Rxc4
34. Nxc4 Qxc4 35. Qf5 Ra1+ 36. Kf2 Qc2+ 37. Qxc2 {#R} 0-1

[Event "WIO (Open)"]
[Site "Boise, ID"]
[Date "2010.12.12"]
[Round "4.1"]
[White "Weyland, Phil"]
[Black "Pellam, Randall W"]
[Result "0-1"]
[WhiteElo "1864"]
[BlackElo "1934"]

1. d4 Nf6 2. c4 c5 3. d5 b5 4. cxb5 a6 5. f3 d6 6. e4 g6 7. Nc3 Bg7 8. bxa6
O-O 9. Bd2 Bxa6 10. Bxa6 Nxa6 11. a3 Qb6 12. Rb1 c4 13. b4 cxb3 14. Rxb3 Qc7
15. Be3 Nd7 16. Nb5 Qc4 17. Qd3 Qxd3 18. Rxd3 Nac5 19. Rd1 Rfb8 20. Nd4 Rxa3
21. Nc2 Rc3 22. Bxc5 Nxc5 23. Nd4 Rb2 24. Nde2 Rcc2 25. Kf2 h5 26. Kg3 Rxe2
27. Nxe2 Rxe2 28. Rhe1 Ra2 29. Re3 Ra4 30. Re2 Be5+ 31. Kh3 Ra3 32. Rf1 Kg7
33. g3 g5 34. Kg2 Ra1 35. Rxa1 Bxa1 36. Ra2 Bf6 37. Ra8 Kg6 38. Rg8+ Bg7 39.
Rd8 f5 40. exf5+ Kxf5 41. Ra8 Ke5 42. Ra2 Kxd5 43. f4 gxf4 44. gxf4 Bf6 45.
Kf3 Kc4 46. Rc2+ Bc3 47. Kg3 d5 48. Kh4 d4 49. Kxh5 d3 50. Rg2 d2 51. Rxd2
Bxd2 52. f5 Kd5 53. Kg6 Ne4 54. h4 Ke5 55. h5 Ng3 56. Kf7 Nxf5 57. h6 Bxh6
{#R} 0-1

[Event "WIO (Open)"]
[Site "Boise, ID"]
[Date "2010.12.12"]
[Round "5.1"]
[White "Pellam, Randall W"]
[Black "Abderhalden, Katherine Louise"]
[Result "1/2-1/2"]
[WhiteElo "1934"]
[BlackElo "1731"]

1. c4 Nf6 2. g3 e5 3. Bg2 Bc5 4. Nc3 Nc6 5. d3 O-O $2 6. Nf3 d6 7. O-O $2 Bg4
8. Bg5 h6 9. Bxf6 Qxf6 10. Ne4 Qg6 11. Nxc5 dxc5 12. h3 Bd7 13. Rc1 f5 14. Nh4
Qg5 15. f4 exf4 16. Rxf4 Qxg3 17. Qf1 Nd4 18. e3 Qxe3+ 19. Rf2 Ne2+ 20. Qxe2
Qxc1+ 21. Rf1 Qg5 22. Nf3 Rae8 23. Qxe8 Qxg2+ 24. Kxg2 Rxe8 25. Kf2 Bc6 26. h4
g6 27. Rd1 Bxf3 28. Kxf3 Rd8 29. Kf4 Kf7 30. h5 Kf6 31. hxg6 Rd4+ 32. Ke3 f4+
33. Ke2 Kxg6 34. Rg1+ Kf7 35. Rh1 Kg6 36. Rg1+ Kf7 37. Rh1 Rd6 38. Rh5 b6 39.
Rf5+ Rf6 40. Rd5 Kg6 41. Rd8 Kg5 42. Kf3 Rd6 43. Rg8+ Rg6 44. Rd8 Rf6 45. Rg8+
Kh4 46. Rg7 h5 47. Rxc7 a5 48. Rg7 Kh3 49. Rg1 Kh4 50. b3 {#d} 1/2-1/2

[Event "WIO (Open)"]
[Site "Boise, ID"]
[Date "2010.12.12"]
[Round "5.2"]
[White "Weyland, Phil"]
[Black "Myers, Hugh S"]
[Result "1-0"]
[WhiteElo "1864"]
[BlackElo "1533"]

1. d4 f5 2. c4 Nf6 3. Nc3 e6 4. Bg5 Be7 5. e3 O-O 6. Bd3 d5 7. cxd5 exd5 8.
Qc2 g6 9. Bxf6 Bxf6 10. Nxd5 c6 11. Nf4 Re8 12. Nge2 Qa5+ 13. Qc3 Qxc3+ 14.
bxc3 c5 15. Nd5 Bd8 16. O-O cxd4 17. cxd4 Nc6 18. Bc4 Kg7 19. Rab1 Rb8 20. Bb5
Bd7 21. Rfc1 a6 22. Bxc6 Bxc6 23. Rxc6 bxc6 24. Rxb8 cxd5 25. Nf4 Kf7 26. Nxd5
{#r} 1-0

[Event "Idaho Closed"]
[Site "Twin Falls, ID"]
[Date "2011.02.19"]
[Round "1.3"]
[White "Buckendorf Jr., Glen"]
[Black "Abderhalden, Richard Robert"]
[Result "0-1"]
[WhiteElo "1800"]
[BlackElo "1503"]

1. e4 e5 2. Nf3 Nc6 3. Bb5 d6 4. O-O a6 5. Ba4 Nf6 6. Re1 Be7 7. Bxc6+ bxc6 8.
d4 exd4 9. Nxd4 Bb7 10. Nf5 O-O 11. Nxe7+ Qxe7 12. Bg5 h6 13. Bh4 Qe6 14. Nc3
c5 15. Bxf6 Qxf6 16. Rb1 Qe5 17. Nd5 Rac8 18. c4 c6 19. Nb6 Rc7 20. Qd2 Rd8
21. Rbd1 Re7 22. f4 Qe6 23. e5 d5 24. cxd5 cxd5 25. Na4 Qc6 26. Nc3 f6 27.
exf6 Rxe1+ 28. Qxe1 d4 29. Qf2 Qxf6 30. Ne2 Rf8 31. h3 g5 32. Qg3 Kh8 33. fxg5
hxg5 34. Qxg5 Qxg5 {#R} 0-1

[Event "Idaho Closed"]
[Site "Twin Falls, ID"]
[Date "2011.02.19"]
[Round "2.9"]
[White "Simonson, Jay L"]
[Black "Buckendorf Jr., Glen"]
[Result "1-0"]
[WhiteElo "565"]
[BlackElo "1800"]

1. e4 e5 2. Nf3 Nc6 3. Bc4 Nf6 4. O-O Be7 5. d4 exd4 6. Nxd4 O-O 7. Nc3 d6 8.
Bg5 h6 9. Bxf6 Bxf6 10. Nxc6 bxc6 11. Qf3 Rb8 12. b3 Bb7 13. Rae1 Qd7 14. h3
Rbe8 15. Re3 Bd4 16. Rd3 c5 17. Nb5 Bf6 18. Re1 a6 19. Nc3 Re7 20. Bd5 c6 21.
Bc4 Rfe8 22. Na4 Qc7 23. Qf4 Be5 24. Qh4 d5 25. g3 dxc4 26. bxc4 Kh7 27. Kg2
Bd4 28. Rf3 Bc8 29. c3 Be5 30. Nxc5 Bd6 31. Nd3 g5 32. Qh5 f5 33. exf5 Rg8 34.
Rxe7+ Qxe7 35. c5 Bxc5 36. f6 Qd6 37. Nxc5 Qxc5 38. f7 Rf8 39. Rf6 Qd5+ 40.
Kh2 {#r} 1-0

[Event "Idaho Closed"]
[Site "Twin Falls, ID"]
[Date "2011.02.20"]
[Round "3.2"]
[White "Ye, Michael"]
[Black "Parsons, Larry R"]
[Result "0-1"]
[WhiteElo "1354"]
[BlackElo "2005"]

1. e4 g6 2. d4 d6 3. Nf3 Nf6 4. Nc3 Bg7 5. Bc4 Nxe4 6. Bxf7+ Kxf7 7. Nxe4 h6
8. h3 Rf8 9. c3 Kg8 10. Qb3+ e6 11. O-O Nc6 12. Re1 Kh8 13. Be3 e5 14. dxe5
Rxf3 15. gxf3 Nxe5 16. Kg2 Qh4 17. Rh1 g5 18. Rad1 Nxf3 19. Kxf3 Bxh3 20. Rdg1
Qh5+ 21. Kg3 Be5+ 22. f4 gxf4+ 23. Kf2 fxe3+ 24. Kxe3 Rf8 25. Qd1 Bf4+ 26. Kd3
Qd5+ 27. Kc2 Qxe4+ 28. Qd3 Bf5 {#R} 0-1

[Event "Idaho Closed"]
[Site "Twin Falls, ID"]
[Date "2011.02.21"]
[Round "5.1"]
[White "Douglas, Kurt P"]
[Black "Parsons, Larry R"]
[Result "1/2-1/2"]
[WhiteElo "1671"]
[BlackElo "2005"]

1. e4 g6 2. d4 d6 3. Bd3 Bg7 4. Ne2 Nf6 5. O-O O-O 6. f3 c5 7. Be3 cxd4 8.
Nxd4 Nc6 9. Qd2 Nd7 10. Be2 Nxd4 11. Bxd4 Bxd4+ 12. Qxd4 Qb6 13. Qxb6 Nxb6 14.
Nc3 Be6 15. Rfd1 Rfc8 16. Rd2 Rc5 17. Nb5 Bc4 18. Nd4 Rac8 19. c3 a6 20. Kf2
Nd7 21. Bxc4 Rxc4 22. Nc2 Kf8 23. Ne3 R4c5 24. Rd5 {#d} 1/2-1/2

[Event "Idaho Scholastic Ch"]
[Site "Boise, ID"]
[Date "2011.03.19"]
[Round "2.1"]
[White "Harmon-Vellotti, Carl Honor"]
[Black "Ellis, Chris Joseph Daryl"]
[Result "1-0"]
[WhiteElo "1847"]
[BlackElo "808"]

1. c4 e5 2. Nc3 d6 3. g3 Nf6 4. Bg2 Nc6 5. d3 Bd7 6. Nf3 g6 7. O-O Bg7 8. Rb1
O-O 9. b4 Qe7 10. b5 Nd4 11. Nxd4 exd4 12. Ne4 Nxe4 13. Bxe4 Bf5 14. Bxb7 Rae8
15. Bc6 Bh3 16. Bxe8 Bxf1 17. Bxf7+ Rxf7 18. Qxf1 Be5 19. f4 Bf6 20. Bd2 g5
21. Qg2 gxf4 22. Bxf4 Rg7 23. Rf1 Qe6 24. Qf3 Be5 25. Bxe5 dxe5 26. Qf8# 1-0

[Event "Idaho Scholastic Ch"]
[Site "Boise, ID"]
[Date "2011.03.19"]
[Round "3.1"]
[White "Uriarte, Andrew"]
[Black "Harmon-Vellotti, Carl Honor"]
[Result "0-1"]
[WhiteElo "1212"]
[BlackElo "1847"]

1. e4 c6 2. d4 d5 3. e5 c5 4. Nf3 Bg4 5. Be2 e6 6. Nbd2 Nc6 7. h3 Bh5 8. g4
Bg6 9. Nb3 c4 10. Nc5 b6 11. Na4 Nb4 12. O-O Bxc2 13. Qd2 Bxa4 14. b3 cxb3 15.
axb3 Bd7 16. Ba3 a5 17. Ne1 Be7 18. Nd3 Nxd3 19. Bxe7 Nxe7 20. Bxd3 O-O 21.
Qc2 Ng6 22. Kg2 Nf4+ 23. Kg3 Nxd3 24. Qxd3 Rc8 25. Rh1 Rc7 26. h4 Qc8 27. Qb1
Rc2 28. Ra2 Qc3+ 29. f3 Rxa2 30. Qxa2 Qxd4 31. g5 Qxe5+ 32. f4 Qe3+ 33. Kg4
f5+ 34. Kh5 Qf3# 0-1

[Event "Idaho Open (Open)"]
[Site "Pocatello, ID"]
[Date "2011.04.16"]
[Round "2.2"]
[White "Kobernat, Alan E"]
[Black "Owen, Gary"]
[Result "1-0"]
[WhiteElo "2021"]
[BlackElo "1589"]

1. c4 Nf6 2. g3 g6 3. Bg2 Bg7 4. Nc3 O-O 5. e3 d6 6. Nge2 Nc6 7. O-O Be6 8.
Nd5 Bxd5 9. cxd5 Nb4 10. Qb3 Na6 11. Qxb7 Nc5 12. Qc6 Rb8 13. d4 Rb6 14. Qxb6
cxb6 15. dxc5 dxc5 16. Nc3 Qd7 17. a4 a6 18. e4 e5 19. dxe6 fxe6 20. Bf4 Qe7
21. Be5 Rd8 22. Rfd1 Ng4 23. Bxg7 Kxg7 24. Rxd8 Qxd8 25. Rd1 Qf6 26. f4 Ne3
27. Rd7+ Kg8 28. e5 Qf5 29. Ne4 Kh8 30. Nf6 g5 31. Be4 Qh3 32. Rxh7+ Qxh7 33.
Bxh7 gxf4 34. gxf4 Nc4 35. Bd3 Nxb2 36. Bxa6 Nxa4 37. Nd7 Kg7 38. Kf2 Kf7 39.
Bb5 Nc3 40. Bc6 Nd1+ 41. Ke2 {#r} 1-0

[Event "Idaho Open (Open)"]
[Site "Pocatello, ID"]
[Date "2011.04.16"]
[Round "3.1"]
[White "Manross, Sean"]
[Black "Kobernat, Alan E"]
[Result "1-0"]
[WhiteElo "1906"]
[BlackElo "2021"]

1. d4 f5 2. Nf3 Nf6 3. c4 g6 4. g3 Bg7 5. Bg2 d6 6. Nc3 O-O 7. O-O c6 8. Rb1
a5 9. Re1 Na6 10. a3 Qe8 11. d5 Nc5 12. Ng5 h6 13. b4 axb4 14. axb4 hxg5 15.
bxc5 f4 16. dxc6 bxc6 17. cxd6 Bd7 18. dxe7 Qxe7 19. Rb7 Rac8 20. Na4 Rfd8 21.
Nb6 Qb4 22. Qd2 Qb3 23. Qb2 Qxb2 24. Bxb2 {#r} 1-0